| 000 | 01027nam a22002417a 4500 | ||
|---|---|---|---|
| 008 | 240702b mp ||||| |||| 00| 0 mon d | ||
| 035 | _a17860 | ||
| 040 |
_aSU1322070 _bmon _cMN-UlNLM _dMN-UlNLM _erda |
||
| 041 | _amon | ||
| 042 | _a45173 | ||
| 084 |
_2NNA _a84.8(7АНУ) _bК.414 |
||
| 100 | _aКинни Ж. | ||
| 245 | 0 | _aДүрсгүй жаалын өдрийн тэмдэглэл:Нохой гаслам халуун өдрүүд | |
| 264 |
_aУлаанбаатар _bЦэнхэр гүзээлзгэнэ ХХК _c2018 |
||
| 300 | _a270х. | ||
| 336 |
_2rdacontent _atext _btxt |
||
| 337 |
_2rdamedia _aunmediated _bn |
||
| 338 |
_2rdacarrier _avolume _bnc |
||
| 490 |
_aDIARY of a Wimpy Kid _v7 |
||
| 650 | _a...Дунд сургуульд тохиолдсон адал явдлуудын тухай Грегийн тэмдэглэл. Сахлаа өдөрт хоёр удаа хусах шаардлагатай томоохон биетэй х... | ||
| 942 |
_2NNA _cBK |
||
| 999 |
_c1074926 _d1074983 |
||